[Event "Top 12 2021"]
[Site "Chalons en Champagne, France"]
[Date "2021.07.02"]
[Round "9.3"]
[White "Gozzoli, Yannick ASN"]
[Black "Iglesias, Joachim PAR"]
[Result "1-0"]
[WhiteElo "2600"]
[BlackElo "2259"]

1. d4 {[%clk 01:30:56]} {[%emt 00:00:02]} d5 {[%clk 01:30:48]} {[%emt
00:00:13]} 2. Nf3 {[%clk 01:30:37]} {[%emt 00:00:49]} Nf6 {[%clk 01:31:03]}
{[%emt 00:00:15]} 3. c4 {[%clk 01:30:59]} {[%emt 00:00:08]} c6 {[%clk
01:31:21]} {[%emt 00:00:12]} 4. Nc3 {[%clk 01:28:53]} {[%emt 00:02:36]} a6
{[%clk 01:31:32]} {[%emt 00:00:19]} 5. c5 {[%clk 01:27:50]} {[%emt 00:01:33]}
Bf5 {[%clk 01:29:00]} {[%emt 00:03:02]} 6. Bf4 {[%clk 01:24:23]} {[%emt
00:03:57]} Nbd7 {[%clk 01:26:56]} {[%emt 00:02:34]} 7. e3 {[%clk 01:22:09]}
{[%emt 00:02:44]} Nh5 {[%clk 01:21:18]} {[%emt 00:06:08]} 8. Be5 {[%clk
01:17:51]} {[%emt 00:04:48]} f6 {[%clk 01:19:59]} {[%emt 00:01:50]} 9. Bg3
{[%clk 01:16:40]} {[%emt 00:01:40]} e5 {[%clk 01:09:19]} {[%emt 00:11:10]} 10.
Nh4 {[%clk 00:59:48]} {[%emt 00:17:21]} Bg6 {[%clk 01:08:58]} {[%emt 00:00:51]}
11. Nxg6 {[%clk 00:47:37]} {[%emt 00:12:41]} hxg6 {[%clk 01:09:20]} {[%emt
00:00:08]} 12. Qc2 {[%clk 00:47:51]} {[%emt 00:00:16]} Rh6 {[%clk 01:09:35]}
{[%emt 00:00:15]} 13. O-O-O {[%clk 00:44:47]} {[%emt 00:03:34]} Nxg3 {[%clk
01:08:06]} {[%emt 00:01:59]} 14. fxg3 {[%clk 00:43:33]} {[%emt 00:01:44]} f5
{[%clk 01:05:47]} {[%emt 00:02:49]} 15. Kb1 {[%clk 00:41:27]} {[%emt 00:02:36]}
Qc7 {[%clk 00:59:33]} {[%emt 00:06:44]} 16. g4 {[%clk 00:33:19]} {[%emt
00:08:38]} fxg4 {[%clk 00:43:27]} {[%emt 00:16:36]} 17. Be2 {[%clk 00:27:22]}
{[%emt 00:06:27]} Nf6 {[%clk 00:40:09]} {[%emt 00:03:48]} 18. h3 {[%emt
00:02:45]} gxh3 {[%clk 00:35:31]} {[%emt 00:02:33]} 19. gxh3 {[%emt 00:03:54]}
e4 {[%clk 00:33:10]} {[%emt 00:00:09]} 20. Rdg1 {[%clk 00:27:07]} {[%emt
00:00:23]} Be7 {[%clk 00:32:19]} {[%emt 00:01:21]} 21. Nd1 {[%clk 00:23:26]}
{[%emt 00:04:11]} Kf7 {[%clk 00:23:49]} {[%emt 00:09:00]} 22. Nf2 {[%clk
00:20:58]} {[%emt 00:02:58]} b6 {[%clk 00:22:18]} {[%emt 00:02:02]} 23. cxb6
{[%clk 00:21:24]} {[%emt 00:00:05]} Qxb6 {[%clk 00:22:43]} {[%emt 00:00:05]} 24.
Rc1 {[%clk 00:21:11]} {[%emt 00:00:42]} Rb8 {[%clk 00:21:40]} {[%emt 00:01:33]}
25. Nd1 {[%clk 00:18:57]} {[%emt 00:02:43]} Rc8 {[%clk 00:18:16]} {[%emt
00:03:54]} 26. Nc3 {[%clk 00:19:21]} {[%emt 00:00:06]} Rc7 {[%clk 00:15:28]}
{[%emt 00:03:17]} 27. Na4 {[%clk 00:17:22]} {[%emt 00:02:30]} Qa5 {[%clk
00:12:35]} {[%emt 00:03:23]} 28. Bd1 {[%clk 00:11:22]} {[%emt 00:06:30]} g5
{[%clk 00:08:41]} {[%emt 00:04:24]} 29. Qg2 {[%clk 00:10:59]} {[%emt 00:00:52]}
Nd7 {[%clk 00:07:49]} {[%emt 00:01:23]} 30. Bb3 {[%clk 00:11:22]} {[%emt
00:00:07]} Ke8 {[%clk 00:04:35]} {[%emt 00:03:44]} 31. Nc3 {[%clk 00:10:21]}
{[%emt 00:01:31]} Rb7 {[%clk 00:04:01]} {[%emt 00:01:04]} 32. h4 {[%clk
00:09:49]} {[%emt 00:01:01]} Rxb3 {[%clk 00:03:14]} {[%emt 00:01:18]} 33. axb3
{[%clk 00:10:14]} {[%emt 00:00:05]} gxh4 {[%clk 00:02:21]} {[%emt 00:01:23]} 34.
Qxg7 {[%clk 00:10:23]} {[%emt 00:00:20]} Re6 {[%clk 00:02:36]} {[%emt
00:00:15]} 35. Rcf1 {[%clk 00:05:57]} {[%emt 00:04:56]} Bf6 {[%clk 00:00:53]}
{[%emt 00:02:14]} 36. Qg8+ {[%clk 00:04:19]} {[%emt 00:02:07]} Ke7 {[%clk
00:00:51]} {[%emt 00:00:32]} 37. Ne2 {[%clk 00:04:30]} {[%emt 00:00:19]} Qd8
{[%clk 00:00:56]} {[%emt 00:00:25]} 38. Qh7+ {[%clk 00:04:46]} {[%emt
00:00:14]} Kd6 {[%clk 00:01:22]} {[%emt 00:00:04]} 39. Nf4 {[%clk 00:05:03]}
{[%emt 00:00:13]} Re7 {[%clk 00:01:40]} {[%emt 00:00:12]} 40. Qf5 {[%clk
00:33:53]} {[%emt 00:01:40]} Qe8 {[%clk 00:30:36]} {[%emt 00:01:35]} 41. Rc1
{[%clk 00:34:07]} {[%emt 00:00:15]} Rg7 {[%clk 00:23:05]} {[%emt 00:08:01]} 42.
Nh5 {[%clk 00:32:55]} {[%emt 00:01:41]} Ke6 {[%emt 00:01:35]} 1-0

[Event "Top 12 2021"]
[Site "Chalons en Champagne, France"]
[Date "2021.07.02"]
[Round "9.14"]
[White "Caille, Hugo VIL"]
[Black "Guilleux, Fabien CHA"]
[Result "1/2-1/2"]
[WhiteElo "2182"]
[BlackElo "2448"]

1. d4 {[%clk 01:30:58]} {[%emt 00:11:08]} Nf6 {[%clk 01:29:44]} {[%emt
00:01:16]} 2. Bg5 {[%clk 01:31:14]} {[%emt 00:00:14]} Ne4 {[%clk 01:28:56]}
{[%emt 00:01:18]} 3. Bf4 {[%clk 01:31:39]} {[%emt 00:00:05]} d5 {[%clk
01:28:45]} {[%emt 00:00:41]} 4. e3 {[%clk 01:32:03]} {[%emt 00:00:06]} c5
{[%clk 01:23:51]} {[%emt 00:05:23]} 5. Nd2 {[%clk 01:25:15]} {[%emt 00:07:18]}
Nxd2 {[%clk 01:18:18]} {[%emt 00:06:03]} 6. Qxd2 {[%clk 01:25:40]} {[%emt
00:00:05]} Nc6 {[%clk 01:18:36]} {[%emt 00:00:12]} 7. c3 {[%clk 01:24:07]}
{[%emt 00:02:04]} cxd4 {[%clk 01:17:44]} {[%emt 00:01:22]} 8. exd4 {[%clk
01:24:31]} {[%emt 00:00:06]} Bf5 {[%clk 01:16:52]} {[%emt 00:01:21]} 9. Bd3
{[%clk 01:23:37]} {[%emt 00:01:25]} Bxd3 {[%clk 01:12:11]} {[%emt 00:05:10]} 10.
Qxd3 {[%clk 01:23:48]} {[%emt 00:00:19]} e6 {[%clk 01:12:19]} {[%emt 00:00:22]}
11. Nf3 {[%clk 01:22:21]} {[%emt 00:01:56]} Bd6 {[%clk 01:11:50]} {[%emt
00:00:59]} 12. Bxd6 {[%clk 01:20:49]} {[%emt 00:02:03]} Qxd6 {[%clk 01:12:11]}
{[%emt 00:00:09]} 13. O-O {[%clk 01:19:33]} {[%emt 00:01:46]} h6 {[%clk
01:08:00]} {[%emt 00:04:41]} 14. Rae1 {[%clk 01:14:11]} {[%emt 00:05:52]} O-O-O
{[%clk 00:56:07]} {[%emt 00:12:23]} 15. b4 {[%clk 01:03:45]} {[%emt 00:10:57]}
Rd7 {[%clk 00:45:25]} {[%emt 00:11:11]} 16. a4 {[%clk 01:02:55]} {[%emt
00:01:20]} Kb8 {[%clk 00:43:59]} {[%emt 00:01:56]} 17. Nd2 {[%clk 01:00:33]}
{[%emt 00:02:52]} Rc8 {[%clk 00:34:33]} {[%emt 00:09:56]} 18. Nb3 {[%clk
00:56:26]} {[%emt 00:04:37]} b6 {[%clk 00:31:26]} {[%emt 00:03:37]} 19. a5
{[%clk 00:47:01]} {[%emt 00:09:56]} Rb7 {[%clk 00:31:44]} {[%emt 00:00:12]} 20.
Ra1 {[%clk 00:39:35]} {[%emt 00:07:56]} g6 {[%clk 00:26:00]} {[%emt 00:06:14]}
21. axb6 {[%clk 00:38:35]} {[%emt 00:01:30]} axb6 {[%clk 00:26:21]} {[%emt
00:00:09]} 22. Ra6 {[%clk 00:37:34]} {[%emt 00:01:31]} Qc7 {[%clk 00:25:29]}
{[%emt 00:01:21]} 23. Rfa1 {[%clk 00:26:53]} {[%emt 00:11:12]} Na7 {[%clk
00:23:43]} {[%emt 00:02:16]} 24. Nc5 {[%clk 00:27:07]} {[%emt 00:00:16]} bxc5
{[%clk 00:23:53]} {[%emt 00:00:19]} 25. dxc5 {[%clk 00:27:33]} {[%emt
00:00:05]} Qe5 {[%clk 00:17:24]} {[%emt 00:06:59]} 26. c6 {[%clk 00:20:58]}
{[%emt 00:07:06]} Nxc6 {[%clk 00:14:27]} {[%emt 00:03:27]} 27. b5 {[%clk
00:21:00]} {[%emt 00:00:29]} Na7 {[%clk 00:14:33]} {[%emt 00:00:23]} 28. b6
{[%clk 00:19:28]} {[%emt 00:02:02]} Qxc3 {[%clk 00:14:52]} {[%emt 00:00:10]} 29.
bxa7+ {[%clk 00:17:45]} {[%emt 00:02:14]} Ka8 {[%clk 00:15:14]} {[%emt
00:00:08]} 30. Qd1 {[%clk 00:15:26]} {[%emt 00:02:48]} Rbc7 {[%clk 00:11:38]}
{[%emt 00:04:07]} 31. Rb6 {[%clk 00:13:48]} {[%emt 00:02:08]} Qxa1 {[%clk
00:11:22]} {[%emt 00:00:45]} 32. Rb8+ {[%clk 00:14:01]} {[%emt 00:00:17]} Kxa7
{[%clk 00:11:51]} {[%emt 00:00:02]} 33. Qxa1+ {[%clk 00:13:40]} {[%emt
00:00:51]} Kxb8 {[%clk 00:12:19]} {[%emt 00:00:02]} 34. Qb2+ {[%clk 00:14:01]}
{[%emt 00:00:09]} Rb7 {[%clk 00:10:32]} {[%emt 00:02:17]} 35. Qe5+ {[%clk
00:14:25]} {[%emt 00:00:06]} Ka8 {[%clk 00:10:49]} {[%emt 00:00:12]} 36. h4
{[%clk 00:14:34]} {[%emt 00:00:22]} h5 {[%clk 00:10:49]} {[%emt 00:00:29]} 37.
Qd6 {[%clk 00:14:24]} {[%emt 00:00:40]} Rb1+ {[%clk 00:09:03]} {[%emt
00:02:16]} 38. Kh2 {[%clk 00:14:48]} {[%emt 00:00:06]} Kb7 {[%clk 00:09:21]}
{[%emt 00:00:12]} 39. Kg3 {[%clk 00:14:31]} {[%emt 00:00:48]} Rb6 {[%clk
00:07:25]} {[%emt 00:02:25]} 40. Qd7+ {[%clk 00:44:15]} {[%emt 00:00:47]} Rc7
{[%clk 00:37:34]} {[%emt 00:00:21]} 41. Qd8 {[%clk 00:44:30]} {[%emt 00:00:15]}
Rb4 {[%clk 00:32:17]} {[%emt 00:05:45]} 42. f3 {[%clk 00:43:55]} {[%emt
00:01:07]} Rbc4 {[%clk 00:31:37]} {[%emt 00:01:11]} 43. Kf2 {[%clk 00:38:05]}
{[%emt 00:06:20]} Kc6 {[%clk 00:30:41]} {[%emt 00:01:25]} 44. Ke3 {[%clk
00:38:17]} {[%emt 00:00:18]} Rd7 {[%clk 00:28:35]} {[%emt 00:02:35]} 45. Qc8+
{[%clk 00:38:13]} {[%emt 00:00:33]} Kd6 {[%clk 00:28:54]} {[%emt 00:00:12]} 46.
Qf8+ {[%clk 00:38:29]} {[%emt 00:00:15]} Kc7 {[%clk 00:28:21]} {[%emt
00:01:02]} 47. Kd3 {[%clk 00:37:22]} {[%emt 00:01:38]} Rxh4 {[%clk 00:17:52]}
{[%emt 00:10:59]} 48. Qc5+ {[%clk 00:36:44]} {[%emt 00:01:09]} Kb7 {[%clk
00:18:05]} {[%emt 00:00:16]} 49. g4 {[%clk 00:36:52]} {[%emt 00:00:23]} Rh1
{[%clk 00:16:00]} {[%emt 00:02:35]} 50. Qb5+ {[%clk 00:35:57]} {[%emt
00:01:25]} Kc8 {[%clk 00:15:53]} {[%emt 00:00:36]} 51. Qc5+ {[%clk 00:36:19]}
{[%emt 00:00:08]} Rc7 {[%clk 00:15:48]} {[%emt 00:00:35]} 52. Qf8+ {[%clk
00:36:45]} {[%emt 00:00:04]} Kb7 {[%clk 00:16:10]} {[%emt 00:00:08]} 53. Qb4+
{[%clk 00:36:50]} {[%emt 00:00:25]} Kc6 {[%clk 00:16:29]} {[%emt 00:00:11]} 54.
Qa4+ {[%clk 00:36:30]} {[%emt 00:00:50]} Kd6 {[%clk 00:16:47]} {[%emt
00:00:12]} 55. Qb4+ {[%clk 00:36:29]} {[%emt 00:00:32]} Kd7 {[%clk 00:16:52]}
{[%emt 00:00:25]} 56. Qf8 {[%clk 00:34:32]} {[%emt 00:02:27]} Kc6 {[%clk
00:12:27]} {[%emt 00:04:55]} 57. Qe8+ {[%clk 00:33:09]} {[%emt 00:01:53]} Kd6
{[%clk 00:12:54]} {[%emt 00:00:02]} 58. Qf8+ {[%clk 00:29:33]} {[%emt
00:04:06]} Kc6 {[%clk 00:13:23]} {[%emt 00:00:02]} 59. Qe8+ {[%clk 00:29:32]}
{[%emt 00:00:32]} Rd7 {[%clk 00:13:51]} {[%emt 00:00:02]} 60. Qc8+ {[%clk
00:25:13]} {[%emt 00:04:48]} Kd6 {[%clk 00:14:20]} {[%emt 00:00:02]} 61. Qf8+
{[%clk 00:25:24]} {[%emt 00:00:19]} Kc7 {[%clk 00:06:46]} {[%emt 00:08:03]} 62.
Qc5+ {[%clk 00:25:45]} {[%emt 00:00:10]} Kb7 {[%clk 00:07:15]} {[%emt
00:00:01]} 63. Qb5+ {[%clk 00:24:00]} {[%emt 00:02:15]} Kc8 {[%clk 00:07:43]}
{[%emt 00:00:01]} 64. Qc5+ {[%clk 00:23:51]} {[%emt 00:00:39]} Rc7 {[%clk
00:08:06]} {[%emt 00:00:07]} 65. Qf8+ {[%clk 00:24:15]} {[%emt 00:00:07]} Kb7
{[%clk 00:08:27]} {[%emt 00:00:09]} 66. Qb4+ {[%clk 00:24:33]} {[%emt
00:00:12]} Kc6 {[%clk 00:08:55]} {[%emt 00:00:02]} 67. Qa4+ {[%clk 00:24:20]}
{[%emt 00:00:44]} Kd6 {[%clk 00:09:15]} {[%emt 00:00:09]} 68. Qb4+ {[%clk
00:24:41]} {[%emt 00:00:09]} Kd7 {[%clk 00:06:54]} {[%emt 00:02:51]} 69. Qf8
{[%clk 00:25:09]} {[%emt 00:00:01]} Kc6 {[%emt 00:04:15]} 70. Ke4 {[%emt
00:00:12]} Kd7+ {[%emt 00:00:01]} 71. Kd3 f5 72. Qg7+ {[%emt 00:00:07]} Kd6
{[%emt 00:00:03]} 73. Qxg6 {[%emt 00:00:04]} 1/2-1/2

[Event "Top 12 2021"]
[Site "Chalons en Champagne, France"]
[Date "2021.07.02"]
[Round "9.20"]
[White "Milliet, Sophie GRA"]
[Black "Ragger, Markus BIS"]
[Result "0-1"]
[WhiteElo "2407"]
[BlackElo "2680"]

1. e4 {[%clk 01:30:55]} {[%emt 00:00:04]} e6 {[%clk 01:30:57]} {[%emt
00:00:03]} 2. d4 {[%clk 01:31:21]} {[%emt 00:00:05]} d5 {[%clk 01:31:22]}
{[%emt 00:00:05]} 3. Nc3 {[%clk 01:31:00]} {[%emt 00:00:50]} Bb4 {[%clk
01:31:38]} {[%emt 00:00:14]} 4. exd5 {[%clk 01:31:06]} {[%emt 00:00:25]} exd5
{[%clk 01:31:47]} {[%emt 00:00:22]} 5. Bd3 {[%clk 01:31:28]} {[%emt 00:00:08]}
Nf6 {[%clk 01:32:05]} {[%emt 00:00:12]} 6. Nge2 {[%clk 01:30:22]} {[%emt
00:01:35]} O-O {[%clk 01:32:18]} {[%emt 00:00:17]} 7. O-O {[%clk 01:30:17]}
{[%emt 00:00:35]} Re8 {[%clk 01:32:07]} {[%emt 00:00:41]} 8. a3 {[%clk
01:29:48]} {[%emt 00:01:00]} Bf8 {[%clk 01:32:15]} {[%emt 00:00:22]} 9. Ng3
{[%clk 01:26:01]} {[%emt 00:04:17]} c6 {[%clk 01:27:11]} {[%emt 00:05:33]} 10.
Bg5 {[%clk 01:01:01]} {[%emt 00:25:31]} h6 {[%clk 01:16:30]} {[%emt 00:11:12]}
11. Bf4 {[%clk 01:01:15]} {[%emt 00:00:15]} Nbd7 {[%clk 01:16:24]} {[%emt
00:00:36]} 12. Qd2 {[%clk 00:53:44]} {[%emt 00:08:02]} Nb6 {[%clk 01:11:12]}
{[%emt 00:05:41]} 13. Rae1 {[%clk 00:41:33]} {[%emt 00:12:41]} Be6 {[%clk
01:03:07]} {[%emt 00:08:34]} 14. Be5 {[%clk 00:35:51]} {[%emt 00:06:13]} Ng4
{[%clk 00:51:15]} {[%emt 00:12:22]} 15. Bf4 {[%clk 00:34:22]} {[%emt 00:02:00]}
Nf6 {[%clk 00:33:50]} {[%emt 00:17:55]} 16. Be5 {[%clk 00:34:42]} {[%emt
00:00:10]} Nfd7 {[%clk 00:33:58]} {[%emt 00:00:22]} 17. f4 {[%clk 00:31:40]}
{[%emt 00:03:33]} f6 {[%clk 00:30:29]} {[%emt 00:03:59]} 18. f5 {[%clk
00:31:55]} {[%emt 00:00:15]} fxe5 {[%clk 00:27:20]} {[%emt 00:03:38]} 19. dxe5
{[%clk 00:24:52]} {[%emt 00:07:33]} d4 {[%clk 00:19:47]} {[%emt 00:08:03]} 20.
fxe6 {[%clk 00:25:18]} {[%emt 00:00:04]} dxc3 {[%clk 00:20:12]} {[%emt
00:00:05]} 21. Qf4 {[%clk 00:25:34]} {[%emt 00:00:13]} Nc5 {[%clk 00:17:43]}
{[%emt 00:03:00]} 22. Bg6 {[%clk 00:11:34]} {[%emt 00:14:30]} Nxe6 {[%clk
00:16:32]} {[%emt 00:01:40]} 23. Qf7+ {[%clk 00:04:06]} {[%emt 00:07:58]} Kh8
{[%clk 00:17:01]} {[%emt 00:00:01]} 24. Ne4 {[%clk 00:02:52]} {[%emt 00:01:44]}
Ng5 {[%clk 00:13:31]} {[%emt 00:04:00]} 25. Nxg5 {[%clk 00:01:24]} {[%emt
00:01:59]} Qxg5 {[%clk 00:13:56]} {[%emt 00:00:04]} 26. b4 {[%clk 00:01:16]}
{[%emt 00:00:38]} Be7 {[%clk 00:09:51]} {[%emt 00:04:35]} 27. Bd3 {[%clk
00:00:33]} {[%emt 00:01:13]} Rf8 {[%clk 00:08:59]} {[%emt 00:01:22]} 28. Qe6
{[%clk 00:00:58]} {[%emt 00:00:05]} Nd5 {[%clk 00:09:00]} {[%emt 00:00:28]} 29.
h4 {[%clk 00:00:42]} {[%emt 00:00:48]} Qg3 {[%clk 00:08:29]} {[%emt 00:01:00]}
30. Rxf8+ {[%emt 00:00:42]} 0-1